BIBLIOTECA

SENCICO

Seminario Internacional sobre tratamiento y postratamiento de aguas residuales y biosólidos (Registro nro. 1290)

Detalles MARC
000 -LEADER
fixed length control field 00659nam a2200241Ia 4500
005 - DATE AND TIME OF LATEST TRANSACTION
control field 20251020182506.0
008 - FIXED-LENGTH DATA ELEMENTS--GENERAL INFORMATION
fixed length control field 200515s9999 xx 000 0 und d
020 ## - INTERNATIONAL STANDARD BOOK NUMBER
International Standard Book Number 958-95234-2-0
082 ## - DEWEY DECIMAL CLASSIFICATION NUMBER
Classification number 628.175/C77
100 ## - MAIN ENTRY--PERSONAL NAME
Personal name Correal Cuervo, Rodrigo (Compilador)
245 #0 - TITLE STATEMENT
Title Seminario Internacional sobre tratamiento y postratamiento de aguas residuales y biosólidos
260 ## - PUBLICATION, DISTRIBUTION, ETC.
Place of publication, distribution, etc. Bogotá, D.C.
260 ## - PUBLICATION, DISTRIBUTION, ETC.
Name of publisher, distributor, etc. EDICIONES UNIBOYACÁ
260 ## - PUBLICATION, DISTRIBUTION, ETC.
Date of publication, distribution, etc. 2002
300 ## - PHYSICAL DESCRIPTION
Extent 320 p.
300 ## - PHYSICAL DESCRIPTION
Other physical details il., tbl., graf.
500 ## - GENERAL NOTE
General note 1 ejemplar
650 ## - SUBJECT ADDED ENTRY--TOPICAL TERM
Topical term or geographic name entry element AGUA
650 ## - SUBJECT ADDED ENTRY--TOPICAL TERM
Topical term or geographic name entry element AGUAS RESIDUALES
650 ## - SUBJECT ADDED ENTRY--TOPICAL TERM
Topical term or geographic name entry element TRATAMIENTO DEL AGUA
942 ## - ADDED ENTRY ELEMENTS (KOHA)
Koha item type Libros
Existencias
Fecha de la última vez que lo usaron Pago total Signatura topográfica completa Código de barras Precio efectivo desde Tipo de documento Estado perdido Estado dañado No es para préstamo Retirado Ubicación permanente Ubicación actual Fecha de adquisición
15/05/2020   628.175/C77 Bib-Lima15051290 15/05/2020 Libros         Biblioteca Central Lima Biblioteca Central Lima 15/05/2020